00672nam a2200181 i 450000100060000000300090000600500170001500700030003200800410003513000540007624500710013026000520020130000300025370000360028385200320031999900170035195201220036833590ES-MaACL20230906154802.0t|030202s1968 sp ||||1| spa d 0aBiblia. pN.T. pEvangelios. lEspañol.911930510aBiblia para la familia b: Evangelios / cS. García Rodríguez. a[Bilbao, etc. : bDesclée de Brouwer, c1968] a487 p. : bil. ; c20 cm.1 aGarcía Rodríguez, S.955204 aES-MaACLjC-51688 bR.67549 c33590d33590 00104070aATENEOMbATENEOMcDEPO2d2008-01-17eSCl0oC-51688p1034952r2023-02-23 00:00:00w2023-02-23yMONOGRAFIA